Statystyki dla Państwa według granic w 90 sekund z pustą mapą

Kliknij tutaj aby rozwiązać quiz!

Ogólne statystyki

  • Ten quiz został rozwiązany 458 razy
  • Średni wynik to 103 z 156

Odpowiedzi na mapie

Odpowiedzi skodowane kolorowo w zielono-czerwonej skali na mapie do tego quizu, zgodnie z poniższymi procentami.
 

Statystyki odpowiedzi

Kraj% Poprawnych
Białoruś
98%
Polska
98%
Rosja
98%
Ukraina
98%
Chiny
96%
Niemcy
96%
Czechy
95%
Kazachstan
95%
Mongolia
95%
Francja
94%
Korea Północna
94%
Kanada
93%
Meksyk
93%
Stany Zjednoczone
93%
Pakistan
91%
Szwajcaria
91%
Finlandia
90%
Indie
90%
Mjanma
90%
Norwegia
90%
Bhutan
89%
Nepal
89%
Gruzja
87%
Austria
86%
Brazylia
86%
Kolumbia
86%
Słowacja
86%
Surinam
86%
Afganistan
85%
Argentyna
85%
Boliwia
85%
Libia
85%
Peru
85%
Azerbejdżan
83%
Hiszpania
83%
Urugwaj
83%
Algieria
82%
Czad
82%
Paragwaj
82%
Włochy
82%
Sudan
81%
Turcja
81%
Wenezuela
81%
Egipt
79%
Gujana
79%
Irak
79%
Litwa
79%
Łotwa
79%
Estonia
78%
Mali
78%
Belgia
77%
Bułgaria
77%
Kirgistan
77%
Niger
77%
Tadżykistan
77%
Iran
76%
Demokratyczna
Republika Konga
75%
Laos
75%
Luksemburg
75%
Węgry
75%
Mauretania
74%
Mozambik
74%
Namibia
74%
Republika
Środkowoafrykańska
74%
Tanzania
74%
Wietnam
74%
Zambia
74%
Botswana
73%
Słowenia
73%
Uganda
73%
Zimbabwe
73%
Republika
Południowej Afryki
72%
Kongo
71%
Angola
70%
Burkina Faso
70%
Eswatini
70%
Maroko
70%
Serbia
70%
Kamerun
69%
Lesotho
69%
Rwanda
69%
Sudan Południowy
69%
Burundi
68%
Rumunia
68%
Andora
67%
Dania
67%
Macedonia Północna
67%
Arabia Saudyjska
66%
Armenia
66%
Nigeria
66%
Grecja
65%
Gwatemala
65%
Turkmenistan
64%
Chorwacja
63%
Gwinea
62%
Panama
62%
Etiopia
61%
Wielka Brytania
61%
Benin
60%
Kostaryka
60%
Holandia
58%
Jordania
58%
Syria
58%
Wybrzeże
Kości Słoniowej
58%
Chile
57%
Honduras
57%
Oman
57%
Kenia
56%
Belize
55%
Izrael
55%
Nikaragua
55%
Senegal
55%
Zjednoczone
Emiraty Arabskie
55%
Kuwejt
54%
Bośnia i Hercegowina
53%
Jemen
53%
Portugalia
53%
Szwecja
53%
Watykan
53%
Bangladesz
52%
Gabon
52%
Kosowo
52%
San Marino
52%
Albania
51%
Czarnogóra
51%
Ekwador
51%
Malezja
51%
Indonezja
50%
Somalia
50%
Erytrea
49%
Papua-Nowa Gwinea
47%
Salwador
47%
Timor Wschodni
45%
Ghana
44%
Katar
44%
Tunezja
44%
Uzbekistan
43%
Tajlandia
39%
Togo
38%
Dżibuti
37%
Mołdawia
37%
Liberia
36%
Irlandia
35%
Gwinea Bissau
34%
Kambodża
34%
Malawi
29%
Sierra Leone
29%
Gambia
26%
Liechtenstein
26%
Gwinea Równikowa
25%
Dominikana
24%
Haiti
24%
Liban
19%
Korea Południowa
18%
Brunei
16%
Monako
5%

Rozkład punktacji

Percentyl według liczby udzielonych odpowiedzi

Procent ludzi z każdym wynikiem

Twoja historia wyników

Nie rozwiązałeś tego quizu